| 000 | 01610cam a2200397 a 4500 | ||
|---|---|---|---|
| 001 | 10794776 | ||
| 003 | USPCAS-E | ||
| 005 | 20180118181419.0 | ||
| 008 | 030402s2003 enka b 101 0 eng | ||
| 015 | _aGBA3-26239 | ||
| 020 | _a1860584039 | ||
| 024 | _a99958549698 | ||
| 035 | _a(OCoLC)51992324 | ||
| 035 | _a(OCoLC)ocm51992324 | ||
| 035 | _a(NNC)10794776 | ||
| 040 |
_aUKM _cUKM _dAGL _dCUV _dOCLCQ _dYDXCP |
||
| 050 | 4 |
_aTJ807.2 _b.I57 2002 |
|
| 070 | 0 |
_aTJ807.2 _b.I583 2002 |
|
| 082 | 0 | 4 |
_a662.88 _221 _bIME 2003 |
| 111 | 2 |
_aInternational Conference on Renewable Bioenergy: Technologies, Risks, and Rewards _d(2002 : _cLondon, England) |
|
| 245 | 1 | 0 |
_aInternational Conference on Renewable Bioenergy - Technologies, Risks, and Rewards : _b29-30 October 2002 at IMechE Headquarters, London, UK / _corganized by the Renewable Power Committee of the Institution of Mechanical Engineers (IMechE). |
| 260 |
_aBury St Edmunds : _bProfessional Engineering for IMechE, _c2003. |
||
| 300 |
_a219 p. : _bill. ; _c25 cm. |
||
| 490 | 1 |
_aIMechE conference transactions _x1356-1448 ; _v2003-3 |
|
| 500 | _aSpine title: Renewable bioenergy. | ||
| 502 | _a. | ||
| 504 | _aIncludes bibliographical references and index. | ||
| 650 | 0 |
_aRenewable energy sources _vCongresses. |
|
| 650 | 0 |
_aAgricultural wastes as fuel _vCongresses. |
|
| 650 | 0 |
_aBiomass energy _vCongresses. |
|
| 710 | 2 |
_aInstitution of Mechanical Engineers (Great Britain). _bRenewable Power Committee. |
|
| 830 | 0 |
_aIMechE conference transactions ; _v2003-3. |
|
| 942 |
_2ddc _cBK |
||
| 948 | 1 |
_a20140625 _bc _csl13 _dMPS |
|
| 999 |
_c355967 _d355967 |
||